| 000 | 00698 a2200229 4500 | ||
|---|---|---|---|
| 001 | 200130337 | ||
| 999 |
_c200130337 _d30828 |
||
| 003 | TR-AnTOB | ||
| 005 | 20231207172422.0 | ||
| 008 | 130823s tu 000 0 | ||
| 040 | _aTR-AnTOB | ||
| 041 | _atur | ||
| 050 |
_aNE2275.T9 _bA96 2010 |
||
| 090 | _aNE2275.T9.A96 2010 | ||
| 245 | 0 | 0 |
_aAysel Alver Romans-II _b:heykel sergisi / _cT.C Ziraat Bankası Kuğulu Sanat Galerisi. |
| 264 | 1 |
_aAnkara : _bT.C Ziraat Bankası Kuğulu Sanat Galerisi, _c2013 |
|
| 300 |
_a15.; _bill; _c23 cm |
||
| 650 | 0 |
_aheykel _vsergi _992518 |
|
| 650 | 0 |
_aSculpture _zTurkey _vExhibitions _980938 |
|
| 710 |
_aT.C. Ziraat Bankası. _bKuğulu Sanat Galerisi _992517 |
||
| 999 | _tt.o 02.05.2013 | ||
| 942 | _cBK | ||